Hỏi đáp về sức khỏe trong đời sống hàng ngày

Guardado en:
Detalles Bibliográficos
Autor principal: Đào Xuân Dũng
Formato: Libro
Lenguaje:Undetermined
Publicado: Tp. HCM Thanh Niên 2004
Materias:
Etiquetas: Agregar Etiqueta
Sin Etiquetas, Sea el primero en etiquetar este registro!
Thư viện lưu trữ: Trung tâm Học liệu Trường Đại học Cần Thơ
LEADER 00554nam a2200193Ia 4500
001 CTU_59242
008 210402s9999 xx 000 0 und d
020 |b 50000 
082 |a 613 
082 |b D513 
100 |a Đào Xuân Dũng 
245 0 |a Hỏi đáp về sức khỏe trong đời sống hàng ngày 
245 0 |c Đào Xuân Dũng 
260 |a Tp. HCM 
260 |b Thanh Niên 
260 |c 2004 
650 |a health promotion,hygiene, public 
904 |i Minh 
980 |a Trung tâm Học liệu Trường Đại học Cần Thơ